[Event "St Petersburg rapid"]
[Site "St Petersburg"]
[Date "2016.08.27"]
[Round "2"]
[White "Grigoriev, Semyon"]
[Black "Matlakov, Maxim"]
[Result "1-0"]
[WhiteElo "2132"]
[BlackElo "2686"]
[PlyCount "109"]
[EventDate "2016.08.27"]
[EventType "swiss (rapid)"]
[EventRounds "11"]
[EventCountry "RUS"]
[SourceTitle "CBM 174 Extra"]
[Source "ChessBase"]
[SourceDate "2016.10.10"]
[SourceVersion "1"]
[SourceVersionDate "2016.10.10"]
[SourceQuality "1"]

1. d4 g6 2. e4 Bg7 3. Nc3 d6 4. f4 a6 5. Nf3 b5 6. Bd3 Bb7 7. 0-0 Nd7 8. e5 Nh6 9. e6 fxe6 10. Ng5 Nf8 11. Be4 Bxe4 12. Ncxe4 Nf5 13. c3 Qc8 14. a4 b4 15. g4 Nh4 16. Qe1 h6 17. Qxh4 hxg5 18. Qf2 Qb7 19. Nxg5 Bf6 20. Qf3 Qxf3 21. Nxf3 bxc3 22. bxc3 Nd7 23. a5 Rb8 24. Bd2 c5 25. Rae1 cxd4 26. cxd4 Kf7 27. Ng5+ Kg8 28. Nxe6 Rh4 29. g5 Bh8 30. Rb1 Kf7 31. Rxb8 Nxb8 32. d5 Rh3 33. Rc1 Rd3 34. Rc8 Rxd5 35. Nd8+ Kg8 36. Be3 Nd7 37. Nc6+ Kh7 38. Rc7 Rd3 39. Bf2 Rc3 40. Rxd7 Rxc6 41. Rxe7+ Kg8 42. f5 Be5 43. f6 Kf8 44. Kg2 Rc2 45. Kf3 Bxh2 46. Bd4 Rd2 47. Be3 Rd5 48. Rg7 Rxa5 49. Rxg6 Ra3 50. Rh6 Be5 51. Ke4 Kf7 52. Rh7+ Kf8 53. Kf5 Rxe3 54. Rh8+ Kf7 55. g6# 1-0

[Event "St Petersburg Summer op"]
[Site "St Petersburg"]
[Date "2016.08.23"]
[Round "7"]
[White "Grigoriev, Semyon"]
[Black "Saveliev, Alexei"]
[Result "0-1"]
[WhiteElo "2132"]
[BlackElo "2339"]
[PlyCount "74"]
[EventDate "2016.08.17"]
[EventType "swiss"]
[EventRounds "9"]
[EventCountry "RUS"]
[SourceTitle "CBM 174 Extra"]
[Source "ChessBase"]
[SourceDate "2016.10.10"]
[SourceVersion "1"]
[SourceVersionDate "2016.10.10"]
[SourceQuality "1"]

1. d4 Nf6 2. c4 e6 3. Nc3 Bb4 4. Qc2 d5 5. cxd5 exd5 6. Bg5 0-0 7. e3 h6 8. Bh4 c5 9. Nf3 Nc6 10. a3 Bxc3+ 11. bxc3 c4 12. h3 g5 13. Bg3 Ne4 14. Be2 Bf5 15. Qb2 Qb6 16. Qxb6 axb6 17. Nd2 Nxc3 18. Bf3 Bd3 19. Rc1 Rxa3 20. Bd6 Rfa8 21. Bxa3 Rxa3 22. h4 Nb4 23. Bd1 Nxd1 24. Kxd1 Na2 25. Rc2 Nc3+ 26. Rxc3 Rxc3 27. Nf3 Ra3 28. Kd2 b5 29. hxg5 hxg5 30. e4 Bxe4 31. Nxg5 Bg6 32. g4 b4 33. f4 Rd3+ 34. Ke2 Rxd4 35. Ke3 Rd3+ 36. Ke2 Be4 37. Ra1 Ra3 0-1

[Event "Cheliabinsk Kibizov Memorial 4th"]
[Site "Cheliabinsk"]
[Date "2009.06.27"]
[Round "7"]
[White "Kozirev, Alexander"]
[Black "Grigoriev, Semyon"]
[Result "1-0"]
[WhiteElo "2348"]
[BlackElo "2169"]
[PlyCount "125"]
[EventDate "2009.06.21"]
[EventType "swiss"]
[EventRounds "9"]
[EventCountry "RUS"]
[SourceTitle "EXT 2012"]
[Source "ChessBase"]
[SourceDate "2011.11.24"]
[SourceVersion "1"]
[SourceVersionDate "2011.11.24"]
[SourceQuality "1"]

1. e4 e5 2. Bc4 Nc6 3. Nf3 Nf6 4. d4 exd4 5. e5 d5 6. Bb5 Ne4 7. Nxd4 Bd7 8. Bxc6 bxc6 9. 0-0 Be7 10. f3 Nc5 11. Be3 0-0 12. Nd2 f5 13. f4 Ne4 14. N4b3 Re8 15. Qe2 Be6 16. Nxe4 dxe4 17. Rfd1 Qc8 18. Qf2 Qb7 19. Bc5 Bxc5 20. Qxc5 Qb6 21. Kf2 Kf7 22. Ke3 Bxb3 23. Qxb6 axb6 24. axb3 Ke7 25. g4 g6 26. Rg1 Rxa1 27. Rxa1 h6 28. Ra7 Kd7 29. Ra1 Ke7 30. b4 Rd8 31. Ra7 Rc8 32. Ra3 h5 33. gxh5 gxh5 34. Rc3 Kd7 35. Kd4 Rg8 36. Rh3 Rg4 37. Rxh5 Rxf4 38. Rh7+ Kd8 39. e6 e3+ 40. Kxe3 Re4+ 41. Kf3 Rxe6 42. h4 Re1 43. h5 Rf1+ 44. Kg2 Rf4 45. h6 Rh4 46. Kg3 Rh5 47. Kf4 Kc8 48. Ke5 Kb7 49. c3 c5 50. bxc5 bxc5 51. Kf6 f4 52. Kg6 Rh2 53. Rf7 Rg2+ 54. Kh7 Rxb2 55. Rxf4 Rd2 56. Kg7 Rg2+ 57. Kf7 Rh2 58. Kg6 Kc6 59. c4 Rg2+ 60. Kf7 Kd6 61. h7 Rh2 62. Kg6 Ke7 63. Rf5 1-0

[Event "Cheliabinsk Kibizov Memorial 4th"]
[Site "Cheliabinsk"]
[Date "2009.06.23"]
[Round "3"]
[White "Tagintsev, Igor"]
[Black "Grigoriev, Semyon"]
[Result "1/2-1/2"]
[WhiteElo "1915"]
[BlackElo "2169"]
[PlyCount "132"]
[EventDate "2009.06.21"]
[EventType "swiss"]
[EventRounds "9"]
[EventCountry "RUS"]
[SourceTitle "EXT 2012"]
[Source "ChessBase"]
[SourceDate "2011.11.24"]
[SourceVersion "1"]
[SourceVersionDate "2011.11.24"]
[SourceQuality "1"]

1. d4 d5 2. c4 c6 3. Nc3 Nf6 4. Nf3 dxc4 5. a4 Bf5 6. e3 e6 7. Bxc4 Bb4 8. 0-0 0-0 9. Qb3 Qb6 10. h3 Nbd7 11. Nh4 Bg6 12. Nxg6 hxg6 13. Bd2 c5 14. d5 Bxc3 15. Bxc3 Qxb3 16. Bxb3 exd5 17. Rad1 c4 18. Bc2 Rfd8 19. Rd2 Rac8 20. Rfd1 Re8 21. a5 b5 22. axb6 Nxb6 23. Ra1 Rc7 24. Bd4 Rb7 25. Rdd1 Reb8 26. Ra5 Nbd7 27. Rda1 Nf8 28. Rxa7 Ne6 29. Be5 Rxa7 30. Rxa7 Rd8 31. Kf1 Nd7 32. Bc3 Ndc5 33. Ra5 Rd7 34. Ke2 f5 35. Be5 Kf7 36. f3 f4 37. exf4 d4 38. Kd2 d3 39. Bd1 Rd5 40. Ra7+ Kg8 41. Kc3 d2 42. Kxc4 Rd8 43. Kc3 Nd3 44. Ra1 Ndxf4 45. Bxf4 Nxf4 46. g3 Nxh3 47. b4 Nf2 48. b5 Kf8 49. Rb1 Ke7 50. Kc2 Kd6 51. Be2 Kc5 52. Rf1 d1Q+ 53. Bxd1 Nxd1 54. Rxd1 Rxd1 55. Kxd1 Kxb5 56. Kd2 Kc4 57. Ke3 Kd5 58. Kf4 Kd4 59. g4 Kd3 60. g5 Kd4 61. Kg4 Ke3 62. Kg3 Ke2 63. Kf4 Kf2 64. Ke4 Kg3 65. f4 Kg4 66. Ke3 Kg3 1/2-1/2

[Event "Cheliabinsk Kibizov Memorial 4th"]
[Site "Cheliabinsk"]
[Date "2009.06.21"]
[Round "1"]
[White "Sultanov, Ruslan"]
[Black "Grigoriev, Semyon"]
[Result "1-0"]
[WhiteElo "1961"]
[BlackElo "2169"]
[PlyCount "53"]
[EventDate "2009.06.21"]
[EventType "swiss"]
[EventRounds "9"]
[EventCountry "RUS"]
[SourceTitle "EXT 2012"]
[Source "ChessBase"]
[SourceDate "2011.11.24"]
[SourceVersion "1"]
[SourceVersionDate "2011.11.24"]
[SourceQuality "1"]

1. e4 e5 2. d4 exd4 3. Qxd4 Nc6 4. Qe3 d6 5. Nc3 Nf6 6. Bd2 g6 7. 0-0-0 Bg7 8. f3 Be6 9. Nge2 Qe7 10. g4 0-0-0 11. g5 Nd7 12. Nd5 Bxd5 13. exd5 Qe5 14. Nc3 Nd4 15. f4 Qxe3 16. Bxe3 Nf5 17. Bxa7 Nc5 18. Bxc5 dxc5 19. Ne4 Bd4 20. c4 Rhe8 21. Bd3 Ne3 22. Rde1 Ng2 23. Ref1 Nxf4 24. Kc2 Be3 25. Rf3 Ng2 26. Rg3 b5 27. b3 1-0

[Event "RUS-ch U16"]
[Site "Dagomys"]
[Date "2009.04.22"]
[Round "8"]
[White "Kiselev, Maxim2222"]
[Black "Grigoriev, Semyon"]
[Result "1-0"]
[WhiteElo "2198"]
[BlackElo "2169"]
[PlyCount "119"]
[EventDate "2009.04.15"]
[EventType "swiss"]
[EventRounds "9"]
[EventCountry "RUS"]
[SourceTitle "CBM 130 Extra"]
[Source "ChessBase"]
[SourceDate "2009.07.02"]
[SourceVersion "2"]
[SourceVersionDate "2009.07.15"]
[SourceQuality "1"]

1. d4 Nf6 2. c4 c5 3. d5 b5 4. cxb5 e6 5. Nc3 exd5 6. Nxd5 Bb7 7. Nxf6+ Qxf6 8. Nf3 d5 9. g3 Bd6 10. Bg2 0-0 11. 0-0 Nd7 12. Rb1 Qg6 13. Bd2 Rad8 14. b4 c4 15. Bc3 Rfe8 16. Qd2 Ne5 17. Rbc1 Nxf3+ 18. Bxf3 h5 19. Bd4 h4 20. e3 Qf5 21. Bg2 h3 22. Bh1 Be5 23. Bxe5 Qxe5 24. Rfd1 Qe7 25. Qd4 Qxb4 26. Qxa7 Re7 27. Rb1 Qd6 28. Qd4 Qa3 29. Qb2 Qxb2 30. Rxb2 c3 31. Rc2 d4 32. Bxb7 Rxb7 33. a4 Ra7 34. Kf1 Rxa4 35. Rxc3 dxc3 36. Rxd8+ Kh7 37. Rc8 Rb4 38. Rxc3 Rxb5 39. Ke2 Rb1 40. Kf3 Rh1 41. g4 Rxh2 42. Rc1 Kg6 43. Rg1 Kg5 44. Kg3 Rg2+ 45. Rxg2 hxg2 46. f4+ Kf6 47. Kxg2 Ke6 48. Kf3 Kd5 49. g5 g6 50. e4+ Ke6 51. Kg4 Kd6 52. Kf3 Ke6 53. Ke3 Ke7 54. Kd4 Kd6 55. f5 gxf5 56. exf5 Kd7 57. Ke5 Ke7 58. f6+ Ke8 59. Kd6 Kd8 60. g6 1-0

[Event "RUS-ch U16"]
[Site "Dagomys"]
[Date "2009.04.16"]
[Round "2"]
[White "Grigoriev, Semyon"]
[Black "Markevich, Arseniy"]
[Result "1-0"]
[WhiteElo "2169"]
[BlackElo "2096"]
[PlyCount "73"]
[EventDate "2009.04.15"]
[EventType "swiss"]
[EventRounds "9"]
[EventCountry "RUS"]
[SourceTitle "CBM 130 Extra"]
[Source "ChessBase"]
[SourceDate "2009.07.02"]
[SourceVersion "2"]
[SourceVersionDate "2009.07.15"]
[SourceQuality "1"]

1. d4 d5 2. c4 Nc6 3. cxd5 Qxd5 4. Nf3 e5 5. Nc3 Bb4 6. e3 Nge7 7. Be2 exd4 8. exd4 Qa5 9. Bd2 Nd5 10. 0-0 Nxc3 11. bxc3 Bxc3 12. Bxc3 Qxc3 13. d5 Ne7 14. Bb5+ c6 15. d6 Nf5 16. Qe2+ Be6 17. Rac1 Qa5 18. Bc4 0-0 19. Bxe6 Rae8 20. Bxf7+ Kxf7 21. Qc4+ Qd5 22. d7 Rd8 23. Ng5+ Kg8 24. Qxd5+ cxd5 25. Rc7 Rf6 26. Re1 Nd4 27. Re8+ Rf8 28. Rc8 Nc6 29. Rcxd8 Nxd8 30. Nxh7 d4 31. Rxf8+ Kxh7 32. Rxd8 d3 33. Kf1 d2 34. Ke2 d1B+ 35. Ke1 Ba4 36. Rh8+ Kxh8 37. d8Q+ 1-0

[Event "Moscow op-B"]
[Site "Moscow"]
[Date "2009.02.08"]
[Round "9"]
[White "Konenkin, Dmitry"]
[Black "Grigoriev, Semyon"]
[Result "1-0"]
[WhiteElo "2289"]
[BlackElo "2161"]
[PlyCount "77"]
[EventDate "2009.01.31"]
[EventType "swiss"]
[EventRounds "9"]
[EventCountry "RUS"]
[SourceTitle "EXT 2012"]
[Source "ChessBase"]
[SourceDate "2011.11.24"]
[SourceVersion "1"]
[SourceVersionDate "2011.11.24"]
[SourceQuality "1"]

1. d4 d5 2. Bg5 c6 3. e3 Bf5 4. c4 dxc4 5. Bxc4 Bxb1 6. Rxb1 Qa5+ 7. Kf1 Qxg5 8. Qb3 Qg6 9. Bd3 Qd6 10. Qxb7 Nf6 11. Qxa8 Qc7 12. Rc1 Nfd7 13. Bb5 e6 14. Bxc6 Bd6 15. Qb7 Qxb7 16. Bxb7 Nb6 17. Ne2 0-0 18. Nc3 N8d7 19. Ne4 Bb8 20. Ke2 g6 21. b3 Kg7 22. g4 f5 23. Nc5 Kf6 24. g5+ Ke7 25. f4 Bd6 26. h4 h5 27. gxh6 Nf6 28. Bf3 Rh8 29. h5 Rxh6 30. hxg6 Rxg6 31. Rcg1 Rxg1 32. Rxg1 Kf7 33. Nd3 Nbd5 34. Ne5+ Kf8 35. Rg6 Nc3+ 36. Kd3 Nce4 37. Bxe4 fxe4+ 38. Ke2 Be7 39. Rxf6+ 1-0

[Event "Moscow op-B"]
[Site "Moscow"]
[Date "2009.02.03"]
[Round "4"]
[White "Grigoriev, Semyon"]
[Black "Pavlov, Aleksandr"]
[Result "0-1"]
[WhiteElo "2161"]
[BlackElo "2274"]
[PlyCount "102"]
[EventDate "2009.01.31"]
[EventType "swiss"]
[EventRounds "9"]
[EventCountry "RUS"]
[SourceTitle "EXT 2012"]
[Source "ChessBase"]
[SourceDate "2011.11.24"]
[SourceVersion "1"]
[SourceVersionDate "2011.11.24"]
[SourceQuality "1"]

1. d4 Nf6 2. c4 e6 3. Nf3 b6 4. g3 Ba6 5. b3 Bb7 6. Bg2 Bb4+ 7. Bd2 a5 8. 0-0 0-0 9. Bg5 Re8 10. c5 a4 11. a3 axb3 12. Qxb3 Ba5 13. Nc3 h6 14. Bxf6 Qxf6 15. e4 Bxc3 16. e5 Qe7 17. Qxc3 bxc5 18. dxc5 Bd5 19. Nd4 c6 20. Bxd5 cxd5 21. Nb5 Rc8 22. Nd6 Rc6 23. Rab1 Na6 24. Rb5 f6 25. f4 Rf8 26. h4 Qd8 27. Rc1 Nc7 28. Rb6 Qa8 29. Rcb1 fxe5 30. fxe5 d4 31. Qxd4 Qxa3 32. Ne4 Nd5 33. R6b3 Qa6 34. Ra1 Qe2 35. Rb2 Qg4 36. Rf1 Rxf1+ 37. Kxf1 Rc8 38. Rf2 Rb8 39. Qd3 Qh5 40. Qf3 Qxe5 41. Qf7+ Kh8 42. Qg6 Ne7 43. Qg4 Nf5 44. Qf4 Qa1+ 45. Kg2 Rb4 46. Qf3 Rb1 47. Kh2 Re1 48. h5 Re3 49. Qf4 Qe1 50. Qb8+ Kh7 51. Qe8 Rxg3 0-1

[Event "RUS-chT Clubs U18"]
[Site "Rybinsk"]
[Date "2008.08.09"]
[Round "8"]
[White "Kretov, Evgenij"]
[Black "Grigoriev, Semyon"]
[Result "1-0"]
[WhiteElo "2182"]
[BlackElo "2177"]
[PlyCount "99"]
[EventDate "2008.08.02"]
[EventType "team"]
[EventRounds "9"]
[EventCountry "RUS"]
[SourceTitle "CBM 125 Extra"]
[Source "ChessBase"]
[SourceDate "2008.09.01"]
[SourceVersion "1"]
[SourceVersionDate "2008.09.01"]
[SourceQuality "1"]

1. d4 d5 2. c4 c6 3. e3 Nf6 4. Nc3 e6 5. Nf3 Nbd7 6. Bd3 Bd6 7. e4 dxe4 8. Nxe4 Nxe4 9. Bxe4 Nf6 10. Bc2 Bb4+ 11. Ke2 b6 12. Bg5 Be7 13. Qd3 Bb7 14. Rhd1 h6 15. Bh4 Nh5 16. Bxe7 Qxe7 17. Kf1 Nf6 18. Ne5 0-0 19. Qe3 Rfd8 20. Rd2 Qb4 21. a3 Qd6 22. Rad1 Qc7 23. c5 a5 24. Kg1 Ba6 25. h3 bxc5 26. dxc5 Rd5 27. f4 Rb8 28. Bb3 Rxd2 29. Rxd2 Nd5 30. Bxd5 exd5 31. Nf3 Bc4 32. Qe5 Qxe5 33. Nxe5 Bb5 34. b3 a4 35. b4 Re8 36. Kf2 g5 37. Nf3 gxf4 38. Nd4 Re3 39. Nxb5 cxb5 40. Rc2 Re7 41. Kf3 Kf8 42. c6 Rc7 43. Kxf4 f6 44. Kf5 Ke7 45. Re2+ Kf7 46. Re6 d4 47. Rxf6+ Ke7 48. Re6+ Kf7 49. Rxh6 Ke7 50. Rh7+ 1-0

[Event "RUS-chT Clubs U18"]
[Site "Rybinsk"]
[Date "2008.08.04"]
[Round "3"]
[White "Bazeev, German"]
[Black "Grigoriev, Semyon"]
[Result "1/2-1/2"]
[WhiteElo "2129"]
[BlackElo "2177"]
[PlyCount "100"]
[EventDate "2008.08.02"]
[EventType "team"]
[EventRounds "9"]
[EventCountry "RUS"]
[SourceTitle "CBM 125 Extra"]
[Source "ChessBase"]
[SourceDate "2008.09.01"]
[SourceVersion "1"]
[SourceVersionDate "2008.09.01"]
[SourceQuality "1"]

1. d4 d5 2. Bg5 c6 3. e3 Bf5 4. c4 Bxb1 5. Rxb1 dxc4 6. Qd2 b5 7. b3 cxb3 8. axb3 Nf6 9. Bxf6 exf6 10. Bd3 a5 11. Ne2 Bb4 12. Nc3 0-0 13. 0-0 Re8 14. Qc2 g6 15. Ne2 f5 16. Rfd1 Qd7 17. e4 fxe4 18. Bxe4 Qe6 19. Bf3 Rd8 20. d5 cxd5 21. Nf4 Qc8 22. Qe2 Nc6 23. Nxd5 Qf5 24. Rbc1 Rac8 25. Rxc6 Rxc6 26. Nxb4 Rcd6 27. Rxd6 Rxd6 28. Nc2 Re6 29. Ne3 Qb1+ 30. Qd1 Qxd1+ 31. Bxd1 f5 32. g3 Re4 33. Bf3 Rd4 34. Bc6 a4 35. bxa4 f4 36. Nc2 Rd2 37. Nb4 Rb2 38. Nd3 Rb1+ 39. Kg2 bxa4 40. Bxa4 fxg3 41. hxg3 Kg7 42. Bc2 Rb5 43. Nf4 Rb2 44. Be4 Rb4 45. f3 Rb2+ 46. Kh3 Rb3 47. g4 Ra3 48. Kg3 Rb3 49. g5 Ra3 50. Kg4 Ra6 1/2-1/2

[Event "Pardubice op 19th"]
[Site "Pardubice"]
[Date "2008.07.13"]
[Round "5"]
[White "Grigoriev, Semyon"]
[Black "Kawulok, Marek"]
[Result "1-0"]
[WhiteElo "2177"]
[BlackElo "1886"]
[PlyCount "101"]
[EventDate "2008.07.10"]
[EventType "swiss"]
[EventRounds "5"]
[EventCountry "CZE"]
[SourceTitle "EXT 2010"]
[Source "ChessBase"]
[SourceDate "2010.11.25"]
[SourceVersion "1"]
[SourceVersionDate "2010.11.25"]
[SourceQuality "1"]

1. d4 Nf6 2. c4 g6 3. Nc3 Bg7 4. e4 d6 5. Nf3 0-0 6. Be2 e5 7. Be3 Nc6 8. 0-0 Nd7 9. dxe5 Ndxe5 10. Nxe5 Nxe5 11. Bd4 Be6 12. f4 c5 13. Bxe5 dxe5 14. f5 Bd7 15. Qd2 Bc6 16. Nd5 Bxd5 17. cxd5 Qh4 18. Bd3 Bh6 19. Qe1 Qxe1 20. Raxe1 f6 21. Bc4 Rad8 22. Rf3 Rd6 23. Ref1 g5 24. g4 Bg7 25. a3 Rc8 26. Rc1 Kf7 27. Ba2 Bf8 28. b4 b6 29. Rfc3 Rd7 30. d6+ Ke8 31. Be6 Bxd6 32. Rd1 Rc6 33. Bxd7+ Kxd7 34. bxc5 Rxc5 35. Rcd3 Rc6 36. Rh3 Kc8 37. Rxh7 Bxa3 38. Rxa7 Bc5+ 39. Kf1 Bd4 40. Rh7 b5 41. Rb1 Rb6 42. h4 gxh4 43. Rc1+ Kb8 44. Rcc7 b4 45. Rcf7 Ka8 46. Rf8+ Rb8 47. Rxf6 Rb7 48. Rxb7 Kxb7 49. Ke2 b3 50. Kd3 b2 51. Kc2 1-0

[Event "Cheliabinsk Region-ch"]
[Site "Cheliabinsk"]
[Date "2008.03.04"]
[Round "4"]
[White "Grigoriev, Semyon"]
[Black "Mokin, Nikolai"]
[Result "1/2-1/2"]
[WhiteElo "2164"]
[BlackElo "2321"]
[PlyCount "176"]
[EventDate "2008.03.01"]
[EventType "swiss"]
[EventRounds "9"]
[EventCountry "RUS"]
[SourceTitle "CBM 123 Extra"]
[Source "ChessBase"]
[SourceDate "2008.05.06"]
[SourceVersion "1"]
[SourceVersionDate "2008.05.06"]
[SourceQuality "1"]

1. d4 Nf6 2. c4 g6 3. Nc3 Bg7 4. Nf3 0-0 5. Bf4 c5 6. e3 cxd4 7. exd4 d5 8. Be2 dxc4 9. 0-0 Qb6 10. Na4 Qa5 11. Ne5 Nc6 12. Nxc6 bxc6 13. Bxc4 Nd5 14. Be3 Nxe3 15. fxe3 Qg5 16. Qf3 Bf5 17. Nc5 Rad8 18. h3 h5 19. Rae1 Rxd4 20. exd4 Bxd4+ 21. Kh1 Bxc5 22. Qf4 Qxf4 23. Rxf4 e6 24. g4 hxg4 25. hxg4 Bc2 26. Bb3 Bd3 27. Rd1 g5 28. Rf6 Kg7 29. Rxe6 fxe6 30. Rxd3 Rf1+ 31. Kg2 Rf2+ 32. Kg3 Rxb2 33. Bxe6 Kf6 34. Bb3 Ke5 35. Rc3 Kd6 36. Rc2 Rb1 37. Bc4 Be3 38. Kf3 Bf4 39. Ke4 Rg1 40. Be2 Rg3 41. Kd4 a5 42. Kc4 Be5 43. Rd2+ Kc7 44. Rd3 Rg2 45. Re3 Bf4 46. Re6 Rg3 47. Bd3 Rxg4 48. Kc5 Kb7 49. Rxc6 Be3+ 50. Kb5 Rd4 51. Rc3 Bd2 52. Rb3 a4 53. Rb2 Bc3 54. Rb1 Kc7 55. Bc2 a3 56. Rg1 Bd2 57. Rg3 Rb4+ 58. Kc5 Rb2 59. Bb3 Bf4 60. Rc3 Kd7 61. Rc2 Rb1 62. Re2 Rb2 63. Bc4 Bd6+ 64. Kd4 Rb4 65. Re4 Kc6 66. Kd3 Kc5 67. Bb3 Rb8 68. Rc4+ Kb6 69. Kc3 Rf8 70. Re4 Bc5 71. Kd3 Bd6 72. Ke3 Rf1 73. Re6 Kc5 74. Rg6 Bf4+ 75. Ke4 Kb4 76. Kf5 Kc3 77. Rc6+ Kd2 78. Kg4 Rg1+ 79. Kf3 Be5 80. Rc2+ Kd3 81. Rg2 Rf1+ 82. Kg4 Bf6 83. Rg3+ Kd2 84. Rf3 Rg1+ 85. Rg3 Re1 86. Rg2+ Kc1 87. Rf2 Rg1+ 88. Kh3 Be5 1/2-1/2

[Event "Wch U14"]
[Site "Kemer"]
[Date "2007.11.27"]
[Round "10"]
[White "Popilski, Gil"]
[Black "Grigoriev, Semyon"]
[Result "1-0"]
[WhiteElo "2238"]
[BlackElo "2137"]
[PlyCount "79"]
[EventDate "2007.11.18"]
[EventType "swiss"]
[EventRounds "11"]
[EventCountry "TUR"]
[SourceTitle "CBM 121 Extra"]
[Source "ChessBase"]
[SourceDate "2008.01.10"]
[SourceVersion "1"]
[SourceVersionDate "2008.01.10"]
[SourceQuality "1"]

1. e4 c6 2. d4 d5 3. exd5 cxd5 4. c4 Nf6 5. Nc3 Nc6 6. Bg5 Be6 7. a3 g6 8. Bxf6 exf6 9. Be2 Bg7 10. Nf3 0-0 11. 0-0 Ne7 12. c5 f5 13. b4 f4 14. Qd2 Nf5 15. Qxf4 Bh6 16. Qe5 Re8 17. Bb5 Bg7 18. Qe1 Re7 19. Qd2 a6 20. Ba4 h5 21. Rad1 Rc8 22. Rfe1 Qc7 23. Qa2 Rd8 24. Bb3 Qc6 25. Ne5 Bxe5 26. Rxe5 Qc7 27. Qd2 Qc6 28. Rde1 f6 29. R5e2 Kf7 30. Bc2 Ng7 31. Qh6 f5 32. Nb1 Qe8 33. Nd2 Qh8 34. Qg5 Ne8 35. Rxe6 Rxe6 36. Rxe6 Kxe6 37. Qxd8 Kf7 38. Qxd5+ Kf8 39. Bb3 Qf6 40. Nf3 1-0

[Event "Wch U14"]
[Site "Kemer"]
[Date "2007.11.24"]
[Round "7"]
[White "Swiercz, Dariusz"]
[Black "Grigoriev, Semyon"]
[Result "1/2-1/2"]
[WhiteElo "2274"]
[BlackElo "2137"]
[PlyCount "126"]
[EventDate "2007.11.18"]
[EventType "swiss"]
[EventRounds "11"]
[EventCountry "TUR"]
[SourceTitle "CBM 121 Extra"]
[Source "ChessBase"]
[SourceDate "2008.01.10"]
[SourceVersion "1"]
[SourceVersionDate "2008.01.10"]
[SourceQuality "1"]

1. Nf3 d5 2. e3 c5 3. c4 d4 4. b4 Bg4 5. h3 Bxf3 6. Qxf3 Qc7 7. bxc5 Nc6 8. Na3 a6 9. Nc2 e5 10. Ba3 Nf6 11. Bd3 Be7 12. 0-0 0-0 13. Rab1 Rfe8 14. Be4 Nxe4 15. Qxe4 Bf8 16. d3 Rad8 17. Rfe1 Re6 18. Red1 g6 19. g4 Rd7 20. Rb6 Qd8 21. Ne1 f5 22. Qg2 Bg7 23. e4 fxe4 24. Qxe4 Rf6 25. Ng2 Qf8 26. Rf1 Rdf7 27. Rb2 Rf3 28. h4 Kh8 29. Re2 Qc8 30. Bc1 Rf8 31. Bd2 Nd8 32. Ne1 R3f7 33. Qg2 Ne6 34. f3 Nxc5 35. Bb4 b6 36. Bxc5 bxc5 37. Re4 Qb8 38. Qh2 Qb1 39. Qe2 a5 40. Ng2 Qb8 41. Ne1 Rb7 42. Rf2 a4 43. Qc2 Rb4 44. Kg2 h6 45. Qe2 a3 46. Qd1 Qd8 47. Nc2 Rb2 48. Nxa3 Rxf2+ 49. Kxf2 Qxh4+ 50. Kg2 Ra8 51. Qb3 Qg5 52. Qb2 h5 53. Nb5 hxg4 54. Rxg4 Qe3 55. Qc2 Rf8 56. Qd1 Bh6 57. a4 Kg7 58. Nd6 Bf4 59. a5 Kf6 60. Ne4+ Kg7 61. Nd6 Kf6 62. Ne4+ Kg7 63. Nd6 Kf6 1/2-1/2

[Event "Cheliabinsk Region Cup 5th"]
[Site "Cheliabinsk"]
[Date "2007.09.11"]
[Round "9"]
[White "Grigoriev, Semyon"]
[Black "Mokin, Nikolai"]
[Result "1/2-1/2"]
[WhiteElo "2137"]
[BlackElo "2293"]
[PlyCount "67"]
[EventDate "2007.09.02"]
[EventType "swiss"]
[EventRounds "9"]
[EventCountry "RUS"]
[SourceTitle "EXT 2022"]
[Source "ChessBase"]
[SourceDate "2021.10.06"]
[SourceVersion "1"]
[SourceVersionDate "2021.10.06"]
[SourceQuality "1"]

1. d4 d5 2. Nf3 Nc6 3. c4 e5 4. cxd5 Qxd5 5. Nc3 Bb4 6. e3 Bg4 7. Be2 exd4 8. 0-0 Bxc3 9. bxc3 d3 10. Qxd3 Bxf3 11. gxf3 Qxd3 12. Bxd3 0-0-0 13. Be2 Nge7 14. e4 g5 15. Be3 a6 16. Rfd1 Rde8 17. Kf1 h6 18. Rab1 Ng6 19. f4 Nxf4 20. Bxf4 gxf4 21. Bg4+ Kb8 22. Bd7 Rd8 23. Bxc6 Rxd1+ 24. Rxd1 bxc6 25. Ke2 f5 26. exf5 Rf8 27. Kf3 Rxf5 28. h4 Ra5 29. Rd2 Ra4 30. Kg4 f3+ 31. Kh5 c5 32. Rd3 Rf4 33. Rd5 Rc4 34. Rd3 1/2-1/2

[Event "Cheliabinsk Region Cup 5th"]
[Site "Cheliabinsk"]
[Date "2007.09.05"]
[Round "4"]
[White "Bashkov, Viacheslav"]
[Black "Grigoriev, Semyon"]
[Result "1/2-1/2"]
[WhiteElo "2316"]
[BlackElo "2137"]
[PlyCount "56"]
[EventDate "2007.09.02"]
[EventType "swiss"]
[EventRounds "9"]
[EventCountry "RUS"]
[SourceTitle "EXT 2022"]
[Source "ChessBase"]
[SourceDate "2021.10.06"]
[SourceVersion "1"]
[SourceVersionDate "2021.10.06"]
[SourceQuality "1"]

1. e4 c6 2. d4 d5 3. exd5 cxd5 4. c4 Nf6 5. Nc3 Nc6 6. Nf3 Bg4 7. cxd5 Nxd5 8. Qb3 Bxf3 9. gxf3 e6 10. Qxb7 Nxd4 11. Bb5+ Nxb5 12. Qc6+ Ke7 13. Qxb5 Qd7 14. Nxd5+ Qxd5 15. Bg5+ f6 16. Qxd5 exd5 17. Be3 Ke6 18. 0-0-0 Bb4 19. a3 Rhc8+ 20. Kb1 Bc5 21. Rhe1 Bxe3 22. Rxe3+ Kd6 23. Rde1 Rc4 24. Re7 Rf4 25. R7e6+ Kd7 26. Re7+ Kd6 27. R1e6+ Kc5 28. Rc7+ Kd4 1/2-1/2

[Event "RUS-chT U18"]
[Site "Sochi"]
[Date "2007.05.09"]
[Round "?"]
[White "Grigoriev, Semyon"]
[Black "Kabarukhin, Andrey"]
[Result "1-0"]
[WhiteElo "2093"]
[BlackElo "2255"]
[PlyCount "89"]
[EventDate "2007.05.02"]
[EventType "team"]
[EventRounds "9"]
[EventCountry "RUS"]
[SourceTitle "CBM 118 Extra"]
[Source "ChessBase"]
[SourceDate "2007.07.04"]
[SourceVersion "1"]
[SourceVersionDate "2007.07.04"]
[SourceQuality "1"]

1. d4 g6 2. c4 Bg7 3. Nc3 d6 4. Nf3 Nf6 5. h3 0-0 6. Bf4 Nfd7 7. e3 e5 8. Bg5 f6 9. Bh4 Nc6 10. Be2 g5 11. Bg3 f5 12. 0-0 e4 13. Nd2 Ne7 14. b4 Nf6 15. c5 d5 16. Be5 Rf7 17. Qb3 Be6 18. b5 Ng6 19. Bxf6 Bxf6 20. Rab1 f4 21. Ncxe4 Bg7 22. Nc3 Qd7 23. e4 Bxd4 24. exd5 Bxh3 25. Nce4 Bxg2 26. Kxg2 f3+ 27. Bxf3 Nh4+ 28. Kh2 Be5+ 29. Ng3 Raf8 30. d6 Kh8 31. Qe3 cxd6 32. Bd5 Rf4 33. c6 Qg7 34. cxb7 Bd4 35. Qe2 Qh6 36. Kg1 g4 37. Rb3 Qg5 38. Be6 Qc5 39. Nde4 Qe5 40. Bxg4 d5 41. Nd2 Qg7 42. Bc8 Qc7 43. Rd3 Bb6 44. a4 Rxa4 45. Nb3 1-0

[Event "RUS-chT U18"]
[Site "Sochi"]
[Date "2007.05.05"]
[Round "?"]
[White "Matveev, Vladimir A"]
[Black "Grigoriev, Semyon"]
[Result "1-0"]
[WhiteElo "2046"]
[BlackElo "2093"]
[PlyCount "91"]
[EventDate "2007.05.02"]
[EventType "team"]
[EventRounds "9"]
[EventCountry "RUS"]
[SourceTitle "CBM 118 Extra"]
[Source "ChessBase"]
[SourceDate "2007.07.04"]
[SourceVersion "1"]
[SourceVersionDate "2007.07.04"]
[SourceQuality "1"]

1. Nf3 d5 2. g3 c6 3. Bg2 Nf6 4. 0-0 Bf5 5. d3 h6 6. Nbd2 e6 7. c4 Be7 8. Rb1 a5 9. a3 a4 10. b4 0-0 11. Bb2 Nbd7 12. Rc1 Bh7 13. Re1 b5 14. cxb5 cxb5 15. Nd4 Qb6 16. Rc6 Qb7 17. Qc2 e5 18. Rc7 Qb6 19. N4f3 Bd6 20. Rc6 Qb8 21. e4 Rc8 22. Nh4 Rxc6 23. Qxc6 Ra7 24. Nf5 Bxf5 25. exf5 Kh7 26. Nf1 d4 27. h3 Ne8 28. Rc1 Rc7 29. Qa6 Ra7 30. Qc8 Qxc8 31. Rxc8 Nc7 32. Rd8 Na6 33. Bc6 Nab8 34. Bxb5 Rb7 35. Bxa4 Bc7 36. Rxd7 Nxd7 37. Bxd7 Bd6 38. Bc6 Ra7 39. Nd2 f6 40. Nc4 Rc7 41. b5 Bc5 42. a4 Kg8 43. Bd5+ Kf8 44. a5 Ke7 45. b6 Rc8 46. a6 1-0